00870nam a22002897a 4500001000400000003000600004005001700010008004100027020001800068040002900086050000800115082001100123100001800134245003200152260003200184300002100216505000600237520009800243521001800341521001800359650001100377650001500388650001300403942001500416999001300431952013600444269FISKH20230811120005.0230313b cb ||||| |||| 00| 0 eng d a9781407121055 aFISKHbengcFISKHdFISKH aPZ7 a823.92 aZucker, Jonny aTurbo Drive /cJonny Zuxker aLondon :bScholastic,c2012 a167 pagesc20 cm aH aDanny has to find a sponsor who can help him compete in the karting championship semi-finals.8 a520 bLexile8 aH bRaz-Plus aRacing aFomula One aRace Car 2ddccBKn0 c269d269 00102ddc40708JUVFa001b001cTKLobbyd2023-03-13l1oZUC 823.92 PZ7p2023-0010r2023-10-02 10:45:07s2023-09-14w2023-03-13yBK